00883nam a22002537a 450000500170000001000130001702000220003003500130005203700160006504000120008108200160009310000340010924500970014326000410024027000390028130000310032065000190035165000280037070000250039870000250042394200250044899900190047395201370049220170124110019.0 aB-030304 c37.00a8123717830 aB-030304 bCen Lib/Ret aDPLbEN a612.82bRAJ aRajadhyaksha, Medha S.919264 aThe memory mystery /cby Medha S.Rajadhyaksha ; illustrated by A.D.Ghaisas [and] H.C.Karekar aNew DelhibNational Book Trustc1996 aA-5, Green ParkbNew Delhie110006 axvi,89p. :c18cm(Hb)bill. aMemory.987493 aMemory structure987494 aGhaisas, A.D.919266 aKarekar, H.C.919267 2ddccENh612.82mRAJ c127057d127057 00104070aLbLd2015-06-27eCen Lib/Retg37.00l3o612.82 RAJpB-030304r2022-02-09 00:00:00s2022-01-24t1v37.00w2015-06-27yEN